| 000 | 00565nam a22001697a 4500 | ||
|---|---|---|---|
| 003 | OSt | ||
| 005 | 20250830011203.0 | ||
| 008 | 250830b |||||||| |||| 00| 0 eng d | ||
| 020 | _a9788129117953 | ||
| 040 |
_aDWC-Main Lib. _cOC |
||
| 100 | _aD'SOUZA, EDGARD | ||
| 245 |
_aFood and beverage : _ba practical guide/ _cD'SOUZA, EDGARD |
||
| 260 |
_aNew Delhi : _bRupa Publications, _cc2012. |
||
| 300 |
_axiii, 122 pages : _billustrations ; _c24 cm. |
||
| 650 | _a1. Food industry and trade. 2. Beverage industry. I. Title. | ||
| 942 |
_2ddc _cBK-CIRC _hCirc. _n0 |
||
| 999 |
_c4380 _d4380 |
||